Music Quiz

Random Music or Album Quiz

'One Direction' Songs Quiz Stats

 Plays Quiz Updated Jun 7, 2016

Challenge
Share
Tweet
Embed
Score 0/65 Timer 10:00
48 Plays Today
Album Song % Correct
Up All NightWhat Makes You Beautiful
92.4%
Midnight MemoriesMidnight Memories
85.7%
Up All NightUp All Night
85%
Up All NightOne Thing
81.7%
Take Me HomeKiss You
79.9%
Take Me HomeLittle Things
79.1%
Made in the A.M.Drag Me Down
79%
Up All NightGotta Be You
78.5%
Up All NightI Want
78.4%
Midnight MemoriesBest Song Ever
77.6%
Made in the A.M.Perfect
77.3%
Take Me HomeLive While We're Young
76.2%
FOURSteal My Girl
76.2%
FOURNight Changes
72.3%
Midnight MemoriesStory of My Life
71.5%
Made in the A.M.History
71.1%
Midnight MemoriesYou & I
70.8%
Midnight MemoriesDiana
70.7%
Made in the A.M.Olivia
69.8%
FOUR18
68.9%
FOURNo Control
68.2%
Up All NightI Wish
67.9%
Midnight MemoriesLittle Black Dress
66.3%
Made in the A.M.Infinity
65.9%
Up All NightMore Than This
65.7%
Made in the A.M.Hey Angel
65.6%
Take Me HomeRock Me
65.3%
Midnight MemoriesHappily
64.2%
Take Me HomeI Would
64%
Midnight MemoriesStrong
63.5%
FOURClouds
63.3%
Midnight MemoriesLittle White Lies
62.6%
Up All NightTaken
61.3%
Album Song % Correct
FOURFireproof
61%
FOURStockholm Syndrome
60.9%
FOURWhere Do Broken Hearts Go
60.9%
Made in the A.M.If I Could Fly
60.2%
FOURFool's Gold
59.3%
Take Me HomeOver Again
58.4%
FOURGirl Almighty
57.5%
Take Me HomeSummer Love
57.4%
Made in the A.M.Love You Goodbye
57%
Made in the A.M.End of the Day
56.7%
Midnight MemoriesDon't Forget Where You Belong
56.4%
Take Me HomeC'mon, C'mon
56.4%
FOURReady To Run
56.3%
Up All NightStole My Heart
56.2%
Take Me HomeThey Don't Know About Us
55.9%
Made in the A.M.I Want to Write You A Song
55.8%
Made in the A.M.Never Enough
55.8%
Up All NightTell Me A Lie
55.2%
FOURSpaces
55.2%
Take Me HomeLast First Kiss
54.7%
Up All NightSame Mistakes
53.4%
Made in the A.M.Long Way Down
53.1%
Midnight MemoriesRight Now
53.1%
Up All NightEverything About You
52.1%
Take Me HomeHeart Attack
52%
Made in the A.M.What A Feeling
51.7%
Midnight MemoriesThrough The Dark
51.2%
Midnight MemoriesBetter Than Words
51.2%
Up All NightSave You Tonight
51%
Take Me HomeChange My Mind
49.2%
Take Me HomeBack For You
47.4%
Midnight MemoriesSomething Great
46.8%

You're not logged in!

Compare scores with friends on all Sporcle quizzes.
Join for Free
OR
Log In

You Might Also Like...

Show Comments

Extras

Top Quizzes Today


Score Distribution

Your Account Isn't Verified!

In order to create a playlist on Sporcle, you need to verify the email address you used during registration. Go to your Sporcle Settings to finish the process.

Report this User

Report this user for behavior that violates our Community Guidelines.

Details: